Kanji verbs multiple choice 11 (no English) Quiz Stats

 Plays Quiz not verified by Sporcle

Score 0/20 Timer 05:00
0 Plays Today
Question Answer Wrong Answers
すむ 住む
76.9%
産む
7.7%
読む
7.7%
飲む
7.7%
おもう 思う
76.9%
洗う
7.7%
会う
0%
扱う
7.7%
やすむ 休む
76.9%
盗む
7.7%
進む
7.7%
望む
0%
たつ 立つ
76.9%
打つ
0%
待つ
7.7%
勝つ
7.7%
くらべる 比べる
76.9%
調べる
7.7%
止める
0%
集まる
0%
おわる 終わる
69.2%
座る
23.1%
配る
0%
登る
0%
しめす 示す
69.2%
話す
7.7%
過ごす
0%
渡す
7.7%
とおる 通る
69.2%
登る
0%
怒る
0%
売る
15.4%
たてる 建てる
61.5%
育てる
15.4%
売る
7.7%
教える
7.7%
かす 貸す
61.5%
放す
7.7%
指す
15.4%
落とす
0%
えらぶ 選ぶ
61.5%
運ぶ
0%
及ぶ
15.4%
学ぶ
7.7%
かりる 借りる
61.5%
見せる
7.7%
割る
15.4%
食べる
0%
たすける 助ける
53.8%
避ける
15.4%
設ける
15.4%
投げる
0%
とぶ 飛ぶ
53.8%
選ぶ
0%
忍ぶ
15.4%
呼ぶ
15.4%
こうむる 被る
53.8%
売る
15.4%
続く
7.7%
始める
7.7%
ころす 殺す
53.8%
失くす
0%
落とす
30.8%
刺す
7.7%
なおす 直す
46.2%
刺す
15.4%
出す
7.7%
貸す
30.8%
うしなう 失う
46.2%
笑う
23.1%
洗う
15.4%
払う
7.7%
のぞむ 望む
38.5%
住む
23.1%
込む
15.4%
産む
7.7%
はこぶ 運ぶ
38.5%
選ぶ
23.1%
結ぶ
15.4%
叫ぶ
7.7%

You're not logged in!

Compare scores with friends on all Sporcle quizzes.
OR
Log In

Sporcle TV

Today on Sporcle TV


Watch our educational content, quiz creation guides, and fun videos on Sporcle TV.

Show Comments

Extras

Top Quizzes Today


Score Distribution

Your Account Isn't Verified!

In order to create a playlist on Sporcle, you need to verify the email address you used during registration. Go to your Sporcle Settings to finish the process.

Report this User

Report this user for behavior that violates our Community Guidelines.

Details: